Nota sobre las emanaciones volcánicas y metalíferas / (Record no. 47779)

MARC details
000 -LEADER
campo de control de longitud fija 01209nam a2200241 i 4500
001 - NÚMERO DE CONTROL
campo de control 47779
003 - IDENTIFICADOR DE NÚMERO DE CONTROL
campo de control ES-MaACL
005 - FECHA Y HORA DE LA ÚLTIMA TRANSACCIÓN
campo de control 20250724233439.0
007 - CAMPO FIJO DE DESCRIPCIÓN FÍSICA--INFORMACIÓN GENERAL
campo de control de longitud fija t|
008 - DATOS DE LONGITUD FIJA--INFORMACIÓN GENERAL
campo de control de longitud fija 030526s1869 sp f |||| | spa d
100 1# - ENTRADA PRINCIPAL--NOMBRE DE PERSONA
Nombre de persona Élie de Beaumont, Léonce,
Fechas asociadas al nombre 1798-1874
9 (RLIN) 46988
245 10 - MENCIÓN DEL TÍTULO
Título Nota sobre las emanaciones volcánicas y metalíferas /
Mención de responsabilidad, etc. por Elie de Beaumont ; traducida por Federico de Botella.
260 ## - PUBLICACIÓN, DISTRIBUCIÓN, ETC.
Lugar de publicación, distribución, etc. Madrid :
Nombre del editor, distribuidor, etc. [s.n.],
Fecha de publicación, distribución, etc. 1869 (
Fabricante F.M. Lapuente)
300 ## - DESCRIPCIÓN FÍSICA
Extensión [1] h. de lám., 103 p. ;
Dimensiones 28 cm.
530 ## - NOTA DISPONIBLE DE FORMULARIO FÍSICO ADICIONAL
Nota de formato físico adicional disponible Disponible en formato digital.
650 17 - PUNTO DE ACCESO ADICIONAL DE MATERIA--TÉRMINO DE MATERIA
Término de materia o nombre geográfico como elemento de entrada Volcanes
Fuente del encabezamiento o término embne
9 (RLIN) 17846
700 1# - ENTRADA AGREGADA--NOMBRE PERSONAL
Nombre de persona Botella y de Hornos, Federico de,
Fechas asociadas al nombre 1822-1899
9 (RLIN) 30760
852 4# - LOCALIZACIÓN
Ubicación ES-MaACL
Número de control de estantería T-895-F-4
Nota libre - Legado de Federico Botella y de Hornos
-- - Enc. en un vol. facticio, conservando cub. original
852 4# - LOCALIZACIÓN
Ubicación ES-MaACL
Número de control de estantería T-1087-F-2
Nota libre - Legado de Federico de Botella y de Hornos
852 4# - LOCALIZACIÓN
Ubicación ES-MaACL
Número de control de estantería L-32448(13)
Nota libre - Enc. cart.
-- - Legado Federico de Botella y de Hornos
-- - Enc. en un vol. facticio, con tít. en el lomo de: España, geología: memorias varias, 1
856 4# - LOCALIZACIÓN Y ACCESO ELECTRÓNICOS
Identificador Uniforme de Recursos <a href="http://bdh-rd.bne.es/viewer.vm?id=0000235799&page=1 ">http://bdh-rd.bne.es/viewer.vm?id=0000235799&page=1 </a>
Nota pública Biblioteca Digital Hispánica
Holdings
Estatus retirado Estado de pérdida Estado de daño No para préstamo Colección Biblioteca de origen Biblioteca actual Ubicación en estantería Fecha de adquisición Fuente de adquisición Total de préstamos Signatura topográfica completa Código de barras Visto por última vez Precio de reemplazo Tipo de ítem Koha
        Colección digital Biblioteca del Ateneo de Madrid Biblioteca del Ateneo de Madrid Depósito 2 20/06/2019     L-32448(13) 1200892 23/02/2023 23/02/2023 Libro impreso antiguo
        Colección de folletos Biblioteca del Ateneo de Madrid Biblioteca del Ateneo de Madrid Depósito folletos 17/01/2008     T-895-F-4 1050276 23/02/2023 23/02/2023 Folleto
        Colección de folletos Biblioteca del Ateneo de Madrid Biblioteca del Ateneo de Madrid Depósito folletos 17/01/2008     T-1087-F-2 1050277 23/02/2023 23/02/2023 Folleto